000
00252nam a22001097a 4500
008
140108t xxu||||| |||| 00| 0 eng d
100
_a
Allama Muhammad Iqbal
_9
571
245
_a
Bal e Jibreel
246
_a
ball e jibrail
300
_a
340
942
_2
ddc
_c
BK
999
_c
16841
_d
16841